Intercultural Learning My studeents at U.S Internatinoal University (Record no. 332288)
[ view plain ]
| 000 -LEADER | |
|---|---|
| fixed length control field | 00621 a2200193 4500 |
| 003 - CONTROL NUMBER IDENTIFIER | |
| control field | NUST |
| 005 - DATE AND TIME OF LATEST TRANSACTION | |
| control field | 20171122145945.0 |
| 008 - FIXED-LENGTH DATA ELEMENTS--GENERAL INFORMATION | |
| fixed length control field | 160615b xxu||||| |||| 00| 0 eng d |
| 020 ## - INTERNATIONAL STANDARD BOOK NUMBER | |
| International Standard Book Number | 9780975586044 |
| 040 ## - CATALOGING SOURCE | |
| Transcribing agency | 0 |
| 082 ## - DEWEY DECIMAL CLASSIFICATION NUMBER | |
| Classification number | 920.71 DIL |
| 100 ## - MAIN ENTRY--PERSONAL NAME | |
| Personal name | Dil, Anwar |
| 9 (RLIN) | 6677 |
| 245 ## - TITLE STATEMENT | |
| Title | Intercultural Learning My studeents at U.S Internatinoal University |
| Statement of responsibility, etc. | Anwar Dil |
| 250 ## - EDITION STATEMENT | |
| Edition statement | VOL.ii |
| 260 ## - PUBLICATION, DISTRIBUTION, ETC. | |
| Place of publication, distribution, etc. | Islamabad |
| Date of publication, distribution, etc. | 2007 |
| Name of publisher, distributor, etc. | IFTRU |
| 300 ## - PHYSICAL DESCRIPTION | |
| Extent | 552p. |
| Other physical details | HB |
| 500 ## - GENERAL NOTE | |
| General note | H.B |
| 942 ## - ADDED ENTRY ELEMENTS (KOHA) | |
| Koha item type | Book |
| Call number prefix | IESE |
| Source of classification or shelving scheme | |
| Withdrawn status | Lost status | Source of classification or shelving scheme | Damaged status | Not for loan | Collection code | Permanent Location | Current Location | Shelving location | Date acquired | Total Checkouts | Full call number | Barcode | Date last seen | Price effective from | Koha item type |
|---|---|---|---|---|---|---|---|---|---|---|---|---|---|---|---|
| Institute of Environmental Science and Engineering (IESE) | Institute of Environmental Science and Engineering (IESE) | General Stacks | 11/22/2017 | 920.71 DIL | IESE-1599 | 11/22/2017 | 11/22/2017 | Book |
